000 00230nmm a2200085Ia 4500
008 220120s9999||||xx |||||||||||||||||und||
100 _aDigit
245 0 _aMultimedia ; z matrix 1.5.2 ; internet my jobber instaqnat m
260 _c2005
999 _c138527
_d138527